| 000 | 00000nam 2200000zi 4500 |
| 001 | 9.941077 |
| 003 | CaOODSP |
| 005 | 20240725145816 |
| 006 | m o d f |
| 007 | cr cn||||||||| |
| 008 | 240725s1993 oncd ob f000 0 fre d |
| 020 | |z0662980239 |
| 040 | |aCaOODSP|bfre|erda|cCaOODSP |
| 043 | |an-cn--- |
| 086 | 1 |aCo22-125/1993F-PDF|zCo22-125/1993F |
| 100 | 1 |aGraves, Frank L., |eauteur. |
| 245 | 13|aLa vie privée exposée : |ble sondage canadien sur le respect de la vie privée / |cFrank Graves, Nancy Porteous, Patrick Beauchamp. |
| 264 | 1|a[Ottawa] : |b[Communications Canada], |c[1993] |
| 300 | |a1 ressource en ligne (viii, 72 pages) : |bgraphiques |
| 336 | |atexte|btxt|2rdacontent/fre |
| 337 | |ainformatique|bc|2rdamedia/fre |
| 338 | |aressource en ligne|bcr|2rdacarrier/fre |
| 500 | |aÉdition numérisée de l'imprimé [par Innovation, sciences et développement économique Canada]. |
| 500 | |aPublié aussi en anglais sous le titre : Privacy revealed : the Canadian privacy survey. |
| 504 | |aComprend des références bibliographiques (page 54). |
| 650 | 6|aDroit à la vie privée|zCanada|xOpinion publique. |
| 650 | 6|aOpinion publique|zCanada. |
| 650 | 6|aOrdinateurs|xAccès|xContrôle|zCanada. |
| 710 | 1 |aCanada. |bCommunications Canada, |eorganisme de publication. |
| 710 | 2 |aAssociés de recherche Ekos, |eorganisme de publication. |
| 775 | 08|tPrivacy revealed : |w(CaOODSP)9.941061 |
| 856 | 40|qPDF|s2.85 Mo|uhttps://publications.gc.ca/collections/collection_2024/isde-ised/co22/Co22-125-1993-fra.pdf |